| 000 | 00745nam a2200229 u 4500 | ||
|---|---|---|---|
| 005 | 20231128063611.0 | ||
| 008 | 140825s2003 r 000 0 eng d | ||
| 020 | _a9568209077 | ||
| 035 | _aUPN01000199089 | ||
| 049 | _aI | ||
| 050 | 4 |
_aPZ74.1 _bP3.5 |
|
| 100 | 1 |
_aPavez, Ana María _936381 |
|
| 245 | 1 | 0 |
_aPiedras de fuego : _bcuento basado en una leyenda mapuche / _cAna María Pavez, Constanza Recart ; il. Raquel Echenique. |
| 260 |
_aSantiago de Chile. : _bAmanuta, _c2003. |
||
| 300 |
_a[27] p. : _bil. col |
||
| 440 | 0 | _aMilsur | |
| 650 | 4 |
_aLEYENDAS - _vLITERATURA INFANTIL _919858 |
|
| 650 | 4 |
_aIndígenas de América del Sur _xLeyendas _923155 |
|
| 700 | 1 |
_aRecart, Constanza, _ecoaut. |
|
| 905 | _aInfantil | ||
| 999 |
_c171190 _d171190 |
||